000 00396nam a2200157Ia 4500
005 20250324020309.0
008 240331s9999 xx 000 0 und d
020 _a9559078011
082 _bWIJ
_a891
100 _aWijesiriwardena,S
245 0 _aNil kirillee
260 _aColombo
_bWomen & media collecting
_c1998
300 _aiv, 72 p .,
500 _aChoola kuwan vithili nadaka
942 _cL
999 _c4941
_d4941